000 00543nam a22001697a 4500
005 20260203160051.0
008 260203b |||||||| |||| 00| 0 eng d
020 _a978-0-13-670722-6
100 _aSTALLINGS, WILLIAM
245 _aCRYPTOGRAPHY AND NETWORK SECURITY
_bPRINCIPLES AND PRACTICE
250 _a8TH GLOBAL ED
260 _aHARLOW
_bPEARSON
_c2023
300 _a832P.
500 _aINCLUDES INDEX
650 _a1COMPUTER NETWORKS -SECURITY MEASURES 2. CRYPTOGRAPHY 3. INFORMATION TECHNOLOGY -SECURITY MEASURES
942 _2lcc
_cBK
999 _c216525
_d216525